ბათუმის შოთა რუსთაველის სახელმწიფო უნივერსიტეტის ბიბლიოთეკა

Essential medical genetics / (ბიბ.ჩანაწერი № 57468)

000 -LEADER
fixed length control field 00967cam a22002774a 4500
001 - CONTROL NUMBER
control field 16355649
005 - DATE AND TIME OF LATEST TRANSACTION
control field 20221107152418.0
008 - FIXED-LENGTH DATA ELEMENTS--GENERAL INFORMATION
fixed length control field 100728s2011 enka b 001 0 eng
010 ## - LIBRARY OF CONGRESS CONTROL NUMBER
LC control number 2010031705
020 ## - INTERNATIONAL STANDARD BOOK NUMBER
International Standard Book Number 9781405169745 (pbk. : alk. paper) X
041 ## - LANGUAGE CODE
Language code of text/sound track or separate title eng
080 ## - UNIVERSAL DECIMAL CLASSIFICATION NUMBER
Universal Decimal Classification number 61:575 T-67
082 00 - DEWEY DECIMAL CLASSIFICATION NUMBER
Classification number 616/.042
Edition number 22
100 1# - MAIN ENTRY--PERSONAL NAME
Personal name Tobias, Edward.
9 (RLIN) 8752
245 10 - TITLE STATEMENT
Title Essential medical genetics /
Statement of responsibility, etc. Edward Tobias, Michael Connor, Malcolm Ferguson-Smith.
250 ## - EDITION STATEMENT
Edition statement 6th ed.
260 ## - PUBLICATION, DISTRIBUTION, ETC.
Place of publication, distribution, etc. Chichester, West Sussex, UK :
Name of publisher, distributor, etc. Wiley-Blackwell,
Date of publication, distribution, etc. 2011.
300 ## - PHYSICAL DESCRIPTION
Extent xi, 332 p. :
Other physical details ill. (some col.) ;
Dimensions 28 cm.
650 12 - SUBJECT ADDED ENTRY--TOPICAL TERM
Topical term or geographic name entry element Genetics, Medical.
9 (RLIN) 8754
653 ## - INDEX TERM--UNCONTROLLED
keyword გენეტიკა
653 ## - INDEX TERM--UNCONTROLLED
keyword მედიცინა
700 1# - ADDED ENTRY--PERSONAL NAME
Personal name Connor, J. M.
Fuller form of name (James Michael),
Dates associated with a name 1951-
9 (RLIN) 8755
700 1# - ADDED ENTRY--PERSONAL NAME
Personal name Ferguson-Smith, M. A.
Fuller form of name (Malcolm Andrew)
9 (RLIN) 8756
700 1# - ADDED ENTRY--PERSONAL NAME
Personal name Connor, J. M.
Fuller form of name (James Michael),
Dates associated with a name 1951-
Title of a work Essential medical genetics.
9 (RLIN) 8757
942 ## - ADDED ENTRY ELEMENTS (KOHA)
Source of classification or shelving scheme
Koha item type წიგნი
ეგზემპლარები
Withdrawn status Lost status Source of classification or shelving scheme Damaged status Not for loan Permanent Location Current Location Shelving location Date acquired Cost, normal purchase price Full call number Barcode Date last seen Copy number Price effective from Koha item type Public note
          ბათუმის შოთა რუსთაველის სახელმწიფო უნივერსიტეტის მთავარი ბიბლიოთეკა ბათუმის შოთა რუსთაველის სახელმწიფო უნივერსიტეტის მთავარი ბიბლიოთეკა წიგნსაცავი 2020-06-25 131.00 61:575 T-67 60665 2020-06-25 60665 2020-06-25 წიგნი 131 ლ.